| 000 | 00581cam a22001812a 4500 | ||
|---|---|---|---|
| 001 | 007272 | ||
| 003 | AR-FADEU | ||
| 008 | 311216n1975####xxu####################dd | ||
| 092 |
_a321.5 _bR335 |
||
| 245 | _aEl REGIMEN oligárquico : materiales para el estudio de la realidad Argentina hasta 1930 | ||
| 260 | _aBuenos Aires | ||
| 260 | _bAmorrortu | ||
| 260 | _c1975 | ||
| 300 | _a361 p. : cuad., graf | ||
| 700 | _aMarcos, Giménez Zapiola, comp. | ||
| 650 | _aARGENTINA-FORMACION SOCIOECONOMICO; DEPENDENCIA-ARGENTINA-1930; MODELO AGROEXPORTADOR-ARGENTINA | ||
| 942 | _cBDGR | ||
| 999 |
_c13086 _d13086 |
||